00475nam a2200133Ia 4500008004100000100002100041245002800062260006900090300001100159650001100170856006800181999001900249952007300268160712s9999 xx 000 0 und d aBanzon, Isabela. cIsabela BanzonaStretch c2012bLikhaan: The Journal of Contemporary Philippine Literature avol. 6 xPOETRY uhttp://journals.upd.edu.ph/index.php/lik/issue/view/536/showToc c297475d297475 001040aCLbCLd2016-07-12l0r2016-07-12 00:00:00w2016-07-12yFEJ